000 00656nam a2200169Ia 4500
003 GCL
008 140319s9999 xx 000 0 ara d
040 _aGCL /
_cGCL
082 0 4 _a808.068
_bم ا
100 1 _aمحمد بن عبدالرحمن الربيع
245 1 0 _aادب الطفل وثقافته وبحوثه فى جامعة الامام محمد بن سعود الاسلامية /
_cمحمد بن عبدالرحمن الربيع
260 _aالرياض :
_bجامعة الامام محمد بن سعود ،
_c1998
300 _a157 ص ؛
_c24 سم
650 0 4 _aادب الاطفال
650 0 4 _aثقافة الاطفال
942 _2ddc
_cBK
999 _c7019
_d7019